000 01422nam a2200337 i 4500
001 000038259
003 DO-SdBNP
005 20240307073942.0
007 ta
008 130405s1987 dr ad 000 0 spa d
040 _aDO-SdBNP
_bspa
_cBNPHU
_erda
082 _a305.42
_bD286d
_222
111 1 _aDebate nacional sobre la situación de la mujer y la niñez en la República Dominicana
_c(1987 :
_dSanto Domingo)
_964625
245 1 0 _a[Documento final].
264 1 _aSanto Domingo :
_bINTEC,
_bUNICEF,
_c1987.
300 _a154 p. :
_bilustraciones, gráficas ;
_c22 cm.
336 _2rdacontent
_atexto
_btxt
337 _2rdamedia
_asin mediación
_bn
338 _2rdacarrier
_avolumen
_bnc
590 _aInventariado, 2018/MFF
650 4 _aMujeres en república dominicana
_vCONGRESOS, CONFERENCIAS, ETC.
_964626
650 4 _aMujeres
_xCondiciones sociales
_vCONGRESOS, CONFERENCIAS, ETC.
_911703
650 4 _aBienestar infantil
_vCONGRESOS, CONFERENCIAS, ETC.
_964627
650 4 _aSalud de la mujer
_vCONGRESOS, CONFERENCIAS, ETC.
_964628
650 4 _aPobreza
_zRepública Dominicana
_vCONGRESOS, CONFERENCIAS, ETC.
_964629
651 4 _aRepública Dominicana
_xCondiciones Sociales
_vCONGRESOS, CONFERENCIAS, ETC.
_91683
710 2 _aFondo de Naciones Unidas para la Infancia
_934698
710 2 _aInstituto Tecnológico de Santo Domingo
_978911
910 _aValidado. Control de calidad EMS
942 _2ddc
_cLBS1
999 _c37749
_d37749